[Event "Hastings Premier 1989/90 65th"]
[Site "Hastings"]
[Date "1990.01.12"]
[Round "13"]
[White "Yusupov, Artur"]
[Black "Chandler, Murray G"]
[Result "1/2-1/2"]
[WhiteElo "2610"]
[BlackElo "2585"]
[PlyCount "37"]
[EventDate "1989.12.28"]
[EventType "tourn"]
[EventRounds "14"]
[EventCountry "ENG"]
[EventCategory "14"]
[SourceTitle "BritBase"]
[Source "John Saunders"]
[SourceDate "2024.12.03"]
[SourceVersion "1"]
[SourceVersionDate "2024.12.03"]
[SourceQuality "1"]

1. d4 Nf6 2. Nf3 e6 3. e3 d5 4. Bd3 Nbd7 5. O-O c5 6. b3 Bd6 7. Bb2 Qc7 8. Nbd2 e5 9. dxe5 Nxe5 10. Nxe5 Bxe5 11. Bb5+ Kf8 12. Bxe5 Qxe5 13. Qe2 g6 14. Rae1 Kg7 15. e4 dxe4 16. Nxe4 Qxe4 17. Qxe4 Nxe4 18. Rxe4 Be6 19. Bc4 1/2-1/2

[Event "Hastings Premier 1989/90 65th"]
[Site "Hastings"]
[Date "1990.01.14"]
[Round "14"]
[White "Chandler, Murray G"]
[Black "Spraggett, Kevin"]
[Result "0-1"]
[WhiteElo "2585"]
[BlackElo "2585"]
[PlyCount "134"]
[EventDate "1989.12.28"]
[EventType "tourn"]
[EventRounds "14"]
[EventCountry "ENG"]
[EventCategory "14"]
[SourceTitle "BritBase"]
[Source "John Saunders"]
[SourceDate "2024.12.03"]
[SourceVersion "1"]
[SourceVersionDate "2024.12.03"]
[SourceQuality "1"]

1. e4 c5 2. Nf3 Nc6 3. d4 cxd4 4. Nxd4 e5 5. Nb5 d6 6. Be2 a6 7. N5c3 Nf6 8. Be3 Be6 9. O-O Rc8 10. Bf3 h6 11. Qd2 Ne7 12. Rd1 Ng6 13. a4 Be7 14. a5 O-O 15. g3 Kh7 16. Na4 Rc6 17. Nbc3 Ng4 18. Nb6 Bg5 19. Bxg5 hxg5 20. Qe2 Nf6 21. Ncd5 g4 22. Bg2 Ne8 23. Qd2 Rh8 24. Ra3 Kg8 25. c4 Nf8 26. Rd3 Rh6 27. Ne3 Nh7 28. Nf5 Bxf5 29. exf5 Ng5 30. Qe3 Qe7 31. b4 Nc7 32. Kf1 Qf6 33. c5 dxc5 34. Nd7 Qxf5 35. Bxc6 bxc6 36. Qxe5 Qxe5 37. Nxe5 cxb4 38. Nxg4 Re6 39. Ne3 Nb5 40. Rd8+ Kh7 41. Rc8 Ne4 42. Rc1 Nbc3 43. Nf5 Rf6 44. g4 g6 45. Nd4 Rxf2+ 46. Kg1 Rd2 47. Nf3 Ne2+ 48. Kf1 Nxc1 49. Nxd2 Nxd2+ 50. Ke1 Ndb3 51. Rxc6 Nd3+ 52. Kd1 Nf2+ 53. Ke1 Nd3+ 54. Kd1 Nb2+ 55. Ke1 Nxa5 56. Rxa6 Nbc4 57. Ra8 f5 58. Kf2 b3 59. Rb8 b2 60. h4 f4 61. Rb5 Kh6 62. Kg2 g5 63. Kh3 Nc6 64. hxg5+ Kg6 65. Kh4 Nd4 66. Rb8 Nf3+ 67. Kh3 Nfd2 0-1

[Event "Hastings Premier 1989/90 65th"]
[Site "Hastings"]
[Date "1990.01.14"]
[Round "14"]
[White "Gulko, Boris F"]
[Black "Dolmatov, Sergey"]
[Result "1/2-1/2"]
[WhiteElo "2610"]
[BlackElo "2615"]
[PlyCount "39"]
[EventDate "1989.12.28"]
[EventType "tourn"]
[EventRounds "14"]
[EventCountry "ENG"]
[EventCategory "14"]
[SourceTitle "Britbase"]
[Source "John Saunders"]
[SourceDate "2025.01.01"]
[SourceVersion "1"]
[SourceVersionDate "2025.01.01"]
[SourceQuality "1"]

1. c4 f5 2. g3 Nf6 3. Bg2 c6 4. Nf3 d6 5. Nc3 g6 6. d3 Bg7 7. e4 O-O 8. exf5 Bxf5 9. d4 Ne4 10. O-O Nxc3 11. bxc3 Nd7 12. Re1 e5 13. Ba3 c5 14. dxc5 dxc5 15. Nh4 e4 16. Bxe4 Bxe4 17. Rxe4 Nf6 18. Re5 Qxd1+ 19. Rxd1 Ng4 20. Rxc5 1/2-1/2

[Event "Hastings Challengers 1989/90"]
[Site "Hastings"]
[Date "1989.12.28"]
[Round "1"]
[White "Coleman, David J"]
[Black "Sher, Miron Naumovich"]
[Result "0-1"]
[WhiteElo "2295"]
[BlackElo "2470"]
[PlyCount "48"]
[EventDate "1989.12.28"]
[EventType "swiss"]
[EventRounds "10"]
[EventCountry "ENG"]
[SourceTitle "BritBase"]
[Source "John Saunders"]
[SourceDate "2024.12.03"]
[SourceVersion "1"]
[SourceVersionDate "2024.12.03"]
[SourceQuality "1"]

1. e4 c5 2. Nf3 d6 3. d4 Nf6 4. Nc3 cxd4 5. Nxd4 Nc6 6. Bc4 e6 7. Be3 a6 8. Qe2 Qc7 9. O-O-O Be7 10. Bb3 O-O 11. Rhg1 Nd7 12. g4 Nc5 13. Nf5 b5 14. Bd5 Bb7 15. g5 b4 16. Bxc6 Bxc6 17. Bxc5 dxc5 18. Nxe7+ Qxe7 19. Nb1 a5 20. Rg3 a4 21. a3 Rab8 22. f4 Qb7 23. e5 bxa3 24. bxa3 Qxb1+ 0-1

[Event "Hastings Challengers 1989/90"]
[Site "Hastings"]
[Date "1989.12.28"]
[Round "1"]
[White "Conquest, Stuart C"]
[Black "Franklin, Michael J"]
[Result "1-0"]
[WhiteElo "2515"]
[BlackElo "2320"]
[PlyCount "67"]
[EventDate "1989.12.28"]
[EventType "swiss"]
[EventRounds "10"]
[EventCountry "ENG"]
[SourceTitle "BritBase"]
[Source "John Saunders"]
[SourceDate "2024.12.03"]
[SourceVersion "1"]
[SourceVersionDate "2024.12.03"]
[SourceQuality "1"]

1. e4 c5 2. Nf3 a6 3. c3 d5 4. exd5 Qxd5 5. d4 e6 6. Bd3 Nf6 7. O-O Nc6 8. Bf4 cxd4 9. cxd4 Be7 10. Nc3 Qd8 11. a3 O-O 12. Rc1 g6 13. Bb1 Nd5 14. Nxd5 Qxd5 15. Qe2 Bd7 16. Rfd1 Rfe8 17. Ne5 Rad8 18. Be4 Qa2 19. Nc4 Bc8 20. Bxc6 bxc6 21. Qc2 e5 22. Ra1 Bf5 23. Qa4 Qxa1 24. Rxa1 exf4 25. Qxc6 Rc8 26. Qxa6 Bd3 27. b3 Rb8 28. Qc6 Rec8 29. Qd7 Bxc4 30. bxc4 Bxa3 31. h4 Rxc4 32. Rxa3 Rc1+ 33. Kh2 Rbb1 34. Qe8+ {Source: Big Database 2003. It is uncertain whether this game was played in 1989 or 1990. Contributed by Brian Denman, 7 May 2023.} 1-0

[Event "Hastings Challengers 1989/90"]
[Site "Hastings"]
[Date "1989.12.28"]
[Round "1"]
[White "Cullip, Stephen J"]
[Black "Bykhovsky, Avigdor"]
[Result "1/2-1/2"]
[WhiteElo "2300"]
[BlackElo "2485"]
[PlyCount "58"]
[EventDate "1989.12.28"]
[EventType "swiss"]
[EventRounds "10"]
[EventCountry "ENG"]
[SourceTitle "BritBase"]
[Source "John Saunders"]
[SourceDate "2024.12.03"]
[SourceVersion "1"]
[SourceVersionDate "2024.12.03"]
[SourceQuality "1"]

1. e4 e6 2. d4 d5 3. Nd2 Nf6 4. e5 Nfd7 5. c3 c5 6. f4 Nc6 7. Ndf3 a5 8. Bd3 g6 9. Ne2 c4 10. Bc2 h5 11. Ng5 Ndb8 12. h4 Ne7 13. g4 hxg4 14. Ng3 Nf5 15. Qxg4 Be7 16. h5 Bxg5 17. fxg5 b5 18. hxg6 Rxh1+ 19. Nxh1 fxg6 20. Qh3 Nc6 21. Nf2 Nce7 22. Ng4 Kd7 23. Nf6+ Kc6 24. Bf4 Bd7 25. O-O-O Qh8 26. Rh1 Qxh3 27. Rxh3 Rf8 28. Rh7 Bc8 29. Kd2 Kb6 1/2-1/2

[Event "Hastings Challengers 1989/90"]
[Site "Hastings"]
[Date "1989.12.28"]
[Round "1"]
[White "Fatin, Tarek"]
[Black "Hebden, Mark L"]
[Result "1-0"]
[WhiteElo "2325"]
[BlackElo "2520"]
[PlyCount "117"]
[EventDate "1989.12.28"]
[EventType "swiss"]
[EventRounds "10"]
[EventCountry "ENG"]
[SourceTitle "BritBase"]
[Source "John Saunders"]
[SourceDate "2024.12.03"]
[SourceVersion "1"]
[SourceVersionDate "2024.12.03"]
[SourceQuality "1"]

1. c4 Nf6 2. g3 g6 3. Bg2 Bg7 4. Nc3 O-O 5. d3 e6 6. Bg5 h6 7. Bf4 d5 8. Nf3 Nc6 9. O-O Nh5 10. Bd2 d4 11. Ne4 Qe7 12. g4 Nf6 13. Nxf6+ Qxf6 14. g5 hxg5 15. Nxg5 Ne5 16. f4 Ng4 17. Bb4 Re8 18. Qe1 e5 19. Bd5 Be6 20. Qh4 Nh6 21. Bxe6 fxe6 22. Rf2 Qf5 23. h3 c5 24. Bxc5 exf4 25. Ne4 e5 26. Kh2 Qf7 27. Rg1 Re6 28. Ng5 Qf6 29. Rfg2 Rc6 30. Ba3 Re8 31. Qe1 Nf5 32. Ne4 Qf7 33. Qa5 Bh6 34. Qd5 Kg7 35. Nd6 Rxd6 36. Bxd6 Qxd5 37. Rxg6+ Kf7 38. cxd5 f3 39. Rxh6 Nxh6 40. exf3 Nf5 41. Bc7 Kf6 42. d6 Ke6 43. Rg6+ Kd7 44. Rf6 Ne3 45. Rf7+ Ke6 46. d7 Kxf7 47. dxe8=Q+ Kxe8 48. Bxe5 Nc2 49. Kg3 Kf7 50. Kf4 Nb4 51. Bxd4 Nxd3+ 52. Kf5 Nb4 53. h4 Nc6 54. Bf6 Nb8 55. h5 Nd7 56. Bd4 a6 57. h6 Nf8 58. a4 Kg8 59. Bg7 1-0

[Event "Hastings Challengers 1989/90"]
[Site "Hastings"]
[Date "1989.12.28"]
[Round "1"]
[White "Holland, Edward"]
[Black "Wolff, Patrick G"]
[Result "0-1"]
[WhiteElo "2310"]
[BlackElo "2505"]
[PlyCount "62"]
[EventDate "1989.12.28"]
[EventType "swiss"]
[EventRounds "10"]
[EventCountry "ENG"]
[SourceTitle "BritBase"]
[Source "John Saunders"]
[SourceDate "2024.12.03"]
[SourceVersion "1"]
[SourceVersionDate "2024.12.03"]
[SourceQuality "1"]

1. e4 c5 2. Nf3 e6 3. d4 cxd4 4. Nxd4 Nc6 5. Nb5 d6 6. Bf4 e5 7. Be3 Nf6 8. Bc4 Be6 9. Bd5 Qa5+ 10. N1c3 Bxd5 11. exd5 Nb4 12. O-O a6 13. Na3 Rc8 14. Qe1 Nbxd5 15. Nxd5 Qxd5 16. f4 Be7 17. c4 Qe4 18. Qg3 O-O 19. Rae1 Rfe8 20. fxe5 Qxe5 21. Qf2 Qh5 22. Bd4 Ng4 23. Qg3 Bh4 24. Rxe8+ Rxe8 25. Qh3 Re4 26. Nc2 g6 27. g3 Rxd4 28. Nxd4 Bf6 29. Qg2 Bxd4+ 30. Kh1 Ne3 31. g4 Qe5 0-1

[Event "Hastings Challengers 1989/90"]
[Site "Hastings"]
[Date "1989.12.28"]
[Round "1"]
[White "Morris, Philip J"]
[Black "Farago, Ivan"]
[Result "0-1"]
[WhiteElo "2345"]
[BlackElo "2495"]
[PlyCount "84"]
[EventDate "1989.12.28"]
[EventType "swiss"]
[EventRounds "10"]
[EventCountry "ENG"]
[SourceTitle "BritBase"]
[Source "John Saunders"]
[SourceDate "2024.12.03"]
[SourceVersion "1"]
[SourceVersionDate "2024.12.03"]
[SourceQuality "1"]

1. e4 e6 2. d4 d5 3. e5 c5 4. c3 Nc6 5. Nf3 Qb6 6. Be2 cxd4 7. cxd4 Nge7 8. Na3 Nf5 9. Nc2 Bb4+ 10. Kf1 Be7 11. g3 Bd7 12. Kg2 Rc8 13. h3 Nb4 14. Nxb4 Qxb4 15. a4 Qb6 16. h4 h5 17. Bg5 f6 18. Bf4 Kf7 19. Bd3 Rc4 20. Bxc4 dxc4 21. d5 exd5 22. Qxd5+ Be6 23. Qb5 Qxb5 24. axb5 Bd5 25. Rhd1 Rd8 26. Rxd5 Rxd5 27. Rxa7 Rxb5 28. Ra4 Rb4 29. Rxb4 Bxb4 30. exf6 gxf6 31. Bd2 Bc5 32. Kf1 Ke6 33. Ke2 b5 34. Bc1 Kd5 35. Bd2 b4 36. Bc1 Nd4+ 37. Nxd4 Bxd4 38. f3 f5 39. Bd2 b3 40. Bc1 c3 41. bxc3 Bxc3 42. Ke3 Be5 0-1

[Event "Hastings Challengers 1989/90"]
[Site "Hastings"]
[Date "1989.12.28"]
[Round "1"]
[White "Smagin, Sergey"]
[Black "Lalic, Susan Kathryn"]
[Result "1-0"]
[WhiteElo "2535"]
[BlackElo "2345"]
[PlyCount "59"]
[EventDate "1989.12.28"]
[EventType "swiss"]
[EventRounds "10"]
[EventCountry "ENG"]
[SourceTitle "BritBase"]
[Source "John Saunders"]
[SourceDate "2024.12.03"]
[SourceVersion "1"]
[SourceVersionDate "2024.12.03"]
[SourceQuality "1"]

1. e4 c6 2. d4 d5 3. f3 e6 4. Nc3 Nf6 5. e5 Nfd7 6. Nce2 b6 7. f4 Ba6 8. Nf3 c5 9. c3 Nc6 10. g4 cxd4 11. cxd4 Be7 12. Ng3 Bxf1 13. Kxf1 Qc8 14. Qe2 a5 15. Bd2 Qa6 16. Qxa6 Rxa6 17. Rc1 b5 18. Ke2 O-O 19. Rc2 a4 20. Rhc1 Ndb8 21. f5 Re8 22. Nh5 Bf8 23. Nf4 b4 24. b3 axb3 25. axb3 g6 26. Kd3 Bg7 27. h4 gxf5 28. gxf5 Kh8 29. Ng5 Ra3 30. Rxc6 1-0

[Event "Hastings Challengers 1989/90"]
[Site "Hastings"]
[Date "1989.12.29"]
[Round "2"]
[White "Lane, Gary William"]
[Black "Smagin, Sergey"]
[Result "0-1"]
[WhiteElo "2385"]
[BlackElo "2535"]
[PlyCount "46"]
[EventDate "1989.12.28"]
[EventType "swiss"]
[EventRounds "10"]
[EventCountry "ENG"]
[SourceTitle "BritBase"]
[Source "John Saunders"]
[SourceDate "2024.12.03"]
[SourceVersion "1"]
[SourceVersionDate "2024.12.03"]
[SourceQuality "1"]

1. e4 e5 2. Nf3 Nc6 3. Bb5 a6 4. Ba4 Nf6 5. O-O Be7 6. Bxc6 dxc6 7. Qe1 c5 8. Nxe5 Qd4 9. Nf3 Qxe4 10. Qxe4 Nxe4 11. Re1 Nf6 12. Nc3 h6 13. d4 cxd4 14. Nxd4 c5 15. Nb3 Be6 16. Bf4 Rc8 17. Rad1 b6 18. Re2 Rc6 19. Red2 O-O 20. Bd6 Re8 21. Bxe7 Rxe7 22. Rd8+ Kh7 23. R8d6 Rxd6 0-1

[Event "Hastings Challengers 1989/90"]
[Site "Hastings"]
[Date "1989.12.29"]
[Round "2"]
[White "Ledger, Andrew J"]
[Black "Gallagher, Joseph G"]
[Result "1-0"]
[WhiteElo "2225"]
[BlackElo "2445"]
[PlyCount "77"]
[EventDate "1989.12.28"]
[EventType "swiss"]
[EventRounds "10"]
[EventCountry "ENG"]
[SourceTitle "BritBase"]
[Source "John Saunders"]
[SourceDate "2024.12.03"]
[SourceVersion "1"]
[SourceVersionDate "2024.12.03"]
[SourceQuality "1"]

1. Nf3 d6 2. d4 Nf6 3. g3 g6 4. Bg2 Bg7 5. O-O O-O 6. Nbd2 Nc6 7. e4 e5 8. c3 Bg4 9. Qc2 exd4 10. Nxd4 Re8 11. h3 Bd7 12. Re1 Qc8 13. Kh2 Re5 14. Ne2 b5 15. Nf4 Rb8 16. Nf3 Re8 17. Bd2 Ne5 18. Nxe5 dxe5 19. Nd3 c5 20. f4 Nh5 21. Rad1 c4 22. Nb4 exf4 23. gxf4 a5 24. Nd5 Be6 25. Be3 b4 26. Qa4 bxc3 27. bxc3 Rb2 28. Qxa5 Rxg2+ 29. Kxg2 Bxh3+ 30. Kf2 Qg4 31. Rg1 Qh4+ 32. Ke2 Bg4+ 33. Kd2 Bxd1 34. Rxd1 Rxe4 35. Qa8+ Bf8 36. Bc5 Re2+ 37. Kc1 h6 38. Qxf8+ Kh7 39. Qxf7+ 1-0

[Event "Hastings Challengers 1989/90"]
[Site "Hastings"]
[Date "1989.12.29"]
[Round "2"]
[White "Sahl, Bjarke Barth"]
[Black "Conquest, Stuart C"]
[Result "1-0"]
[WhiteElo "2385"]
[BlackElo "2515"]
[PlyCount "59"]
[EventDate "1989.12.28"]
[EventType "swiss"]
[EventRounds "10"]
[EventCountry "ENG"]
[SourceTitle "BritBase"]
[Source "John Saunders"]
[SourceDate "2024.12.03"]
[SourceVersion "1"]
[SourceVersionDate "2024.12.03"]
[SourceQuality "1"]

1. g3 e5 2. Bg2 Nc6 3. e4 Nf6 4. Nc3 Bc5 5. Nge2 a6 6. Nd5 d6 7. O-O O-O 8. c3 Nxd5 9. exd5 Ne7 10. d4 exd4 11. Nxd4 Nf5 12. Nxf5 Bxf5 13. b4 Bb6 14. Bb2 a5 15. a3 Qf6 16. Qd2 Qg6 17. Rfe1 Rfe8 18. c4 axb4 19. axb4 Rxa1 20. Bxa1 Rxe1+ 21. Qxe1 h5 22. Qc3 h4 23. c5 dxc5 24. bxc5 Ba7 25. Bb2 b5 26. Qa3 Qg4 27. Qxa7 Qd1+ 28. Bf1 hxg3 29. hxg3 Be4 30. Qxc7 1-0

[Event "Hastings Challengers 1989/90"]
[Site "Hastings"]
[Date "1989.12.29"]
[Round "2"]
[White "Wolff, Patrick G"]
[Black "Ward, Christopher G"]
[Result "1/2-1/2"]
[WhiteElo "2505"]
[BlackElo "2380"]
[PlyCount "37"]
[EventDate "1989.12.28"]
[EventType "swiss"]
[EventRounds "10"]
[EventCountry "ENG"]
[SourceTitle "BritBase"]
[Source "John Saunders"]
[SourceDate "2024.12.03"]
[SourceVersion "1"]
[SourceVersionDate "2024.12.03"]
[SourceQuality "1"]

1. e4 c5 2. Nf3 d6 3. d4 cxd4 4. Nxd4 Nf6 5. Nc3 g6 6. g3 Nc6 7. Nde2 b6 8. Bg2 Ba6 9. O-O Bg7 10. Bf4 Rc8 11. Rc1 O-O 12. Re1 Nd7 13. Qd2 Re8 14. a3 Bxe2 15. Rxe2 Nd4 16. Ree1 Ne5 17. Bxe5 dxe5 18. Red1 e6 19. Ne2 1/2-1/2

[Event "Hastings Challengers 1989/90"]
[Site "Hastings"]
[Date "1989.12.30"]
[Round "3"]
[White "Fatin, Tarek"]
[Black "Wolff, Patrick G"]
[Result "0-1"]
[WhiteElo "2325"]
[BlackElo "2505"]
[PlyCount "84"]
[EventDate "1989.12.28"]
[EventType "swiss"]
[EventRounds "10"]
[EventCountry "ENG"]
[SourceTitle "BritBase"]
[Source "John Saunders"]
[SourceDate "2024.12.03"]
[SourceVersion "1"]
[SourceVersionDate "2024.12.03"]
[SourceQuality "1"]

1. c4 e5 2. g3 Nc6 3. Bg2 g6 4. Nc3 Bg7 5. d3 d6 6. e3 Nge7 7. Nge2 h5 8. h3 h4 9. e4 hxg3 10. fxg3 Be6 11. Nd5 Qd7 12. Bg5 Ng8 13. Qd2 f6 14. Be3 Nd8 15. Qa5 b6 16. Qa6 Ne7 17. g4 O-O 18. g5 fxg5 19. Bxg5 Nec6 20. Qa4 Rf7 21. Be3 Nb7 22. Kd2 Raf8 23. Raf1 Nc5 24. Rxf7 Rxf7 25. Qd1 Bxd5 26. exd5 Nb4 27. Nc1 Bh6 28. Rf1 Rxf1 29. Qxf1 Bxe3+ 30. Kxe3 Qe7 31. Kd2 Qg5+ 32. Kd1 Nbxd3 33. Nxd3 Nxd3 34. Qxd3 Qxg2 35. a3 Kg7 36. b4 Qf2 37. Kc1 Qd4 38. Qb3 e4 39. c5 e3 40. Qd1 Qxd1+ 41. Kxd1 bxc5 42. bxc5 dxc5 0-1

[Event "Hastings Challengers 1989/90"]
[Site "Hastings"]
[Date "1989.12.30"]
[Round "3"]
[White "Foster, Nicholas E"]
[Black "Flear, Glenn C"]
[Result "0-1"]
[WhiteElo "2205"]
[BlackElo "2435"]
[PlyCount "72"]
[EventDate "1989.12.28"]
[EventType "swiss"]
[EventRounds "10"]
[EventCountry "ENG"]
[SourceTitle "BritBase"]
[Source "John Saunders"]
[SourceDate "2024.12.03"]
[SourceVersion "1"]
[SourceVersionDate "2024.12.03"]
[SourceQuality "1"]

1. g3 d5 2. Bg2 Nf6 3. d3 e5 4. Nf3 Nc6 5. O-O Be7 6. Nc3 d4 7. Ne4 O-O 8. e3 Nd5 9. c4 dxc3 10. Nxc3 Be6 11. a3 f5 12. Nxd5 Bxd5 13. b4 Bf6 14. Bb2 Qd6 15. Qc2 Rad8 16. b5 Ne7 17. a4 c5 18. Rfd1 b6 19. Nd2 Bxg2 20. Kxg2 Qxd3 21. Qxd3 Rxd3 22. Nc4 Rfd8 23. Rxd3 Rxd3 24. a5 Rb3 25. axb6 axb6 26. Ra6 Rb4 27. Nd6 h5 28. Ba3 Rb3 29. Nc4 Nd5 30. Nd6 f4 31. exf4 exf4 32. Bc1 f3+ 33. Kh3 Rb1 34. Bf4 g5 35. Ra8+ Kh7 36. Bd2 g4# 0-1

[Event "Hastings Challengers 1989/90"]
[Site "Hastings"]
[Date "1989.12.30"]
[Round "3"]
[White "McNab, Colin Anderson"]
[Black "Cullip, Stephen J"]
[Result "1-0"]
[WhiteElo "2435"]
[BlackElo "2300"]
[PlyCount "77"]
[EventDate "1989.12.28"]
[EventType "swiss"]
[EventRounds "10"]
[EventCountry "ENG"]
[SourceTitle "BritBase"]
[Source "John Saunders"]
[SourceDate "2024.12.03"]
[SourceVersion "1"]
[SourceVersionDate "2024.12.03"]
[SourceQuality "1"]

1. Nf3 Nf6 2. c4 b6 3. g3 Bb7 4. Bg2 c5 5. d3 e6 6. e4 d6 7. Nc3 Be7 8. O-O O-O 9. b3 a6 10. Bb2 Nc6 11. d4 cxd4 12. Nxd4 Rc8 13. Nc2 Qc7 14. Qe2 Qb8 15. Kh1 Nd7 16. f4 Bf6 17. Rad1 Rfd8 18. Rf3 Nc5 19. Ba1 Na7 20. b4 Nd7 21. g4 b5 22. g5 Bxc3 23. Rxc3 bxc4 24. Rxc4 Nb6 25. Rxc8 Rxc8 26. Ne3 Nb5 27. Qd3 Bc6 28. Ng4 d5 29. Be5 dxe4 30. Qh3 Rd8 31. Rg1 Qa8 32. Bxg7 Nd7 33. Qh6 Nd6 34. Ne3 Qa7 35. Bf6 Ne8 36. Ng4 Rc8 37. Be7 e3 38. Nf6+ Ndxf6 39. Qf8# 1-0

[Event "Hastings Challengers 1989/90"]
[Site "Hastings"]
[Date "1989.12.30"]
[Round "3"]
[White "Smagin, Sergey"]
[Black "Sahl, Bjarke Barth"]
[Result "1-0"]
[WhiteElo "2535"]
[BlackElo "2385"]
[PlyCount "79"]
[EventDate "1989.12.28"]
[EventType "swiss"]
[EventRounds "10"]
[EventCountry "ENG"]
[SourceTitle "BritBase"]
[Source "John Saunders"]
[SourceDate "2024.12.03"]
[SourceVersion "1"]
[SourceVersionDate "2024.12.03"]
[SourceQuality "1"]

1. e4 g6 2. d4 c6 3. f4 d5 4. e5 Na6 5. Nf3 h5 6. c3 Nc7 7. Bd3 Nh6 8. O-O Bf5 9. Be2 Ne6 10. h3 Qd7 11. Nh4 Ng7 12. Nd2 Bxh3 13. gxh3 Qxh3 14. Ndf3 Ng4 15. Bd3 Nf5 16. Bxf5 gxf5 17. Qe2 Rg8 18. Qg2 Nh6 19. Qxg8 Nxg8 20. Rf2 Nh6 21. Rh2 Qg3+ 22. Rg2 Qh3 23. Bd2 e6 24. Be1 Be7 25. Rg3 Qg4 26. Rxg4 fxg4 27. Ng5 Kd7 28. Bd2 Rg8 29. Kg2 Rg7 30. Rh1 Ng8 31. Kg3 Nh6 32. Kf2 Ng8 33. Ng2 f6 34. exf6 Nxf6 35. Re1 g3+ 36. Kf3 Ne4 37. Nxe4 dxe4+ 38. Kxe4 h4 39. Rh1 Rh7 40. Rh3 1-0

[Event "Hastings Challengers 1989/90"]
[Site "Hastings"]
[Date "1989.12.30"]
[Round "3"]
[White "Wells, Peter K"]
[Black "Farago, Ivan"]
[Result "0-1"]
[WhiteElo "2400"]
[BlackElo "2495"]
[PlyCount "70"]
[EventDate "1989.12.28"]
[EventType "swiss"]
[EventRounds "10"]
[EventCountry "ENG"]
[SourceTitle "BritBase"]
[Source "John Saunders"]
[SourceDate "2024.12.03"]
[SourceVersion "1"]
[SourceVersionDate "2024.12.03"]
[SourceQuality "1"]

1. d4 e6 2. c4 Nf6 3. Nf3 b6 4. a3 Ba6 5. Qc2 Bb7 6. Nbd2 d5 7. e3 Be7 8. Bd3 c5 9. dxc5 bxc5 10. b3 O-O 11. Bb2 Nbd7 12. g4 Rb8 13. Rg1 Ne4 14. g5 f5 15. h4 Qe8 16. cxd5 exd5 17. Ne5 Ba8 18. Ndf3 Bd6 19. Nxd7 Qxd7 20. h5 f4 21. Bxe4 dxe4 22. Qc4+ Qf7 23. Qxf7+ Rxf7 24. g6 hxg6 25. hxg6 Rf5 26. Nd2 fxe3 27. fxe3 c4 28. Nxc4 Rxb3 29. O-O-O Bf8 30. Rd8 Bd5 31. Ne5 Rf2 32. Bd4 Rb7 33. Rxd5 Bxa3+ 34. Bb2 Bxb2+ 35. Kd1 Bxe5 0-1

[Event "Hastings Challengers 1989/90"]
[Site "Hastings"]
[Date "1989.12.31"]
[Round "4"]
[White "Bykhovsky, Avigdor"]
[Black "Jackson, Oliver A"]
[Result "1-0"]
[WhiteElo "2485"]
[BlackElo "2210"]
[PlyCount "67"]
[EventDate "1989.12.28"]
[EventType "swiss"]
[EventRounds "10"]
[EventCountry "ENG"]
[SourceTitle "BritBase"]
[Source "John Saunders"]
[SourceDate "2024.12.03"]
[SourceVersion "1"]
[SourceVersionDate "2024.12.03"]
[SourceQuality "1"]

1. d4 Nf6 2. c4 c5 3. d5 b5 4. cxb5 a6 5. e3 g6 6. Nc3 d6 7. Nf3 Bg7 8. Be2 O-O 9. O-O axb5 10. Bxb5 Na6 11. e4 Nc7 12. Bc4 Nd7 13. Re1 Rb8 14. Qe2 Nb6 15. Bd3 e6 16. dxe6 Nxe6 17. a4 d5 18. Nxd5 Nxd5 19. exd5 Qxd5 20. Bc4 Qh5 21. Ra3 Bd7 22. a5 Rfe8 23. Re3 Re7 24. Qd1 Qg4 25. Re4 Qf5 26. Qd6 Rbe8 27. a6 Ba4 28. Nh4 Qf6 29. b3 Rd8 30. Qb6 Bd7 31. Nf3 Ree8 32. Bxe6 Rxe6 33. Rxe6 Bxe6 34. Bg5 1-0

[Event "Hastings Challengers 1989/90"]
[Site "Hastings"]
[Date "1989.12.31"]
[Round "4"]
[White "Flear, Glenn C"]
[Black "Jackson, Sheila"]
[Result "1-0"]
[WhiteElo "2435"]
[BlackElo "2195"]
[PlyCount "67"]
[EventDate "1989.12.28"]
[EventType "swiss"]
[EventRounds "10"]
[EventCountry "ENG"]
[SourceTitle "BritBase"]
[Source "John Saunders"]
[SourceDate "2024.12.03"]
[SourceVersion "1"]
[SourceVersionDate "2024.12.03"]
[SourceQuality "1"]

1. d4 Nf6 2. c4 e6 3. Nc3 Bb4 4. Qc2 c5 5. dxc5 Bxc5 6. Nf3 Nc6 7. Bg5 h6 8. Bh4 a6 9. Rd1 Be7 10. e3 b6 11. Be2 O-O 12. O-O Qc7 13. Rd2 Bb7 14. Rfd1 Rfd8 15. Bg3 d6 16. Nd5 exd5 17. cxd5 Nxd5 18. Rxd5 Rac8 19. R5d2 Qb8 20. Qf5 Nb4 21. Qg4 a5 22. Nd4 h5 23. Qxh5 g6 24. Qg4 Rc5 25. h4 Qa8 26. Nb3 Bc8 27. Qf4 Rf5 28. Qd4 Bb7 29. Bf1 b5 30. a3 Nc6 31. Qb6 b4 32. e4 Rf6 33. axb4 Nxb4 34. Nxa5 1-0

[Event "Hastings Challengers 1989/90"]
[Site "Hastings"]
[Date "1989.12.31"]
[Round "4"]
[White "Hebden, Mark L"]
[Black "Olesen, Martin"]
[Result "1-0"]
[WhiteElo "2520"]
[BlackElo "2225"]
[PlyCount "81"]
[EventDate "1989.12.28"]
[EventType "swiss"]
[EventRounds "10"]
[EventCountry "ENG"]
[SourceTitle "BritBase"]
[Source "John Saunders"]
[SourceDate "2024.12.03"]
[SourceVersion "1"]
[SourceVersionDate "2024.12.03"]
[SourceQuality "1"]

1. d4 Nf6 2. Nf3 c5 3. d5 d6 4. Nc3 e5 5. e4 Be7 6. Bb5+ Nbd7 7. a4 O-O 8. O-O Ne8 9. Be3 g6 10. Nd2 Bg5 11. Nc4 Bxe3 12. Nxe3 Ng7 13. Bd3 Qe7 14. Qd2 f5 15. exf5 gxf5 16. f4 exf4 17. Rxf4 Ne5 18. Raf1 Nxd3 19. Qxd3 Bd7 20. R4f3 Rab8 21. b3 Rbe8 22. Nc4 a6 23. Nb6 Rf6 24. Nd1 Ref8 25. Nf2 Be8 26. Nh3 Qd8 27. a5 Bh5 28. R3f2 Re8 29. Nf4 Bg6 30. Qg3 Re4 31. h4 Kh8 32. Nc4 Qf8 33. Qc3 Kg8 34. Qf3 Qe8 35. Qg3 Kh8 36. Qg5 Qf7 37. h5 Nxh5 38. Nxh5 Bxh5 39. Rxf5 Rxf5 40. Rxf5 Re1+ 41. Kh2 1-0